Country Flags With Just 2 Colors - Statistics

General Stats
  • This quiz has been taken 27 times
  • The average score is 34 of 37
Answer Stats
Picture Answer % Correct
Albania
100%
Austria
100%
Canada
100%
China
100%
Denmark
100%
Finland
100%
Georgia
100%
Greece
100%
Israel
100%
Japan
100%
Pakistan
100%
Poland
100%
Saudi Arabia
100%
Sweden
100%
Switzerland
100%
Turkey
100%
Vietnam
100%
Nigeria
95%
Tunisia
95%
Bangladesh
90%
Honduras
90%
Indonesia
90%
Morocco
90%
North Macedonia
90%
Peru
90%
Singapore
90%
Ukraine
90%
Bahrain
85%
Kazakhstan
85%
Monaco
85%
Qatar
85%
Latvia
80%
Palau
80%
Somalia
80%
Tonga
80%
Kyrgyzstan
75%
F.S. of Micronesia
70%
No matching quizzes found
Score Distribution
Percent of People with Each Score
Percentile by Number Answered
Your Score History
You have not taken this quiz